Návrh opatrení na zdokonalenie procesu vzdelávania zamestnancov v podniku Premac, spol. s r.o.

Gespeichert in:
Bibliographische Detailangaben
1. Verfasser: Štibraná, Zuzana, 1992- (Verfasst von)
Weitere Verfasser: Samáková, Jana, 1984- (Betreuung Doktorarbeit)
Format: Manuskript Buch
Sprache:Slowakisch
Veröffentlicht: Trnava : STU v Bratislave MTF UPMK, 2014
Schlagworte:
Online-Zugang:VAIS
Tags: Tag hinzufügen
Keine Tags, Fügen Sie das erste Tag hinzu!

MARC

LEADER 00000ntm a22000003a 4500
001 stu293262
005 20150617230318.2
008 140708s2014----xo------------------slo-d
040 |a STU  |b slo 
041 0 |a slo 
044 |a xo 
100 1 |a Štibraná, Zuzana,  |d 1992-  |4 aut  |u M  |T MTF Materiálovotechnologická fakulta  |X 42373  |U M  |Y 60  |7 A000042373 
242 0 0 |a Suggestion of measures to improve the learning process in the company Premac, Ltd.  |y eng 
245 1 |a Návrh opatrení na zdokonalenie procesu vzdelávania zamestnancov v podniku Premac, spol. s r.o. 
260 |a Trnava :  |b STU v Bratislave MTF UPMK,  |c 2014 
300 |a 62s  |c CD 
650 7 |a priemyselné manažérstvo  |2 stusub 
650 7 |a Industrial Management  |2 estusub 
650 7 |a methods of education  |2 estusub 
650 7 |a metódy vzdelávania  |2 stusub 
650 7 |a vzdelávanie zamestnancov  |2 stusub 
700 1 |a Samáková, Jana,  |d 1984-  |4 ths  |u M4000  |U MTF Materiálovotechnologická fakulta  |T MTF Ústav priemyselného inžinierstva a manažmentu  |X 33101  |U M4000  |Y 84  |7 A000033101 
856 4 |a info a plný text  |u http://is.stuba.sk/zp/portal_zp.pl?podrobnosti=92162  |3 VAIS 
996 |c M*BP-7029  |l MMSKP  |s P  |a 0  |w stu293262_0001